000 00899nam a2200253Ia 4500
003 OSt
005 20221005104553.0
006 a|||||r|||| 00| 0
007 ta
008 221004b |||||||| |||| 00| 0 hin d
024 _a107634
037 _cTextual
040 _aCRL
_cCRL
_bhin
041 _2hin
_ahin
082 _aO152vN3, J2
100 _aरस्तौगी, देवीशरन
245 0 _aहिन्दी साहित्य का विवेचनात्मक इतिहास
246 _aHindī sāhitya kā vivechanātmak itihāsa
260 _aदिल्ली
_bराजपाल एण्ड सन्ज़ भारत
_c1952
300 _a389पृ0
_ccm.
650 _aहिन्दी साहित्य
942 _hO152vN3, J2
_cTEXL
_2cc
999 _c1013126
_d1013126